Rossypany rjadky

Bibliographic Details
Main Author: Maľcovská, Mária, 1951-2010 (Author)
Format: Article
Language:Ukrainian
Slovak
Subjects:

MARC

LEADER 00000nab a2200000 a 4500
001 vtls008153731
003 SK-MaSNL
005 20260309145448.0
008 160314c2005 xo jr p 000 c0ukr
015 |a SNKRB2005/04 
040 |a SVKPOCL  |b slo  |c SVKPO  |e AACR2 
041 0 |a slo 
044 |a xo  |c SK 
080 |a 821.161 (437.6)-3=161  |2 UDC-MRF-SK2 
100 1 |a Maľcovská, Mária,  |d 1951-2010  |4 aut  |9 111288 
245 1 0 |a Rossypany rjadky  |c Marija Mal´covska 
500 |a Pokračovanie 
500 |a Úryvok z pripravovanej knihy Zelená fatamorgána 
650 0 7 |a spoločenské poviedky, ukrajinské  |2 svkpocl  |9 70189 
773 0 |t Rusyn  |g Roč. 15, č. 1-2 (2005), s. 10-12 
852 |a SVKPO  |b KIS3GCP 
958 |a LX 
958 |a SK 
958 |a RN 
999 |c 3365839  |d 3367769